Capitales par drapeaux - Afrique - Statistiques

Statistiques générales
  • Ce quiz a été pris 154 fois
  • Le résultat moyen est 37 sur 54
Statistiques - réponses
Par images Réponse % Correct
Alger
97%
Tunis
92%
Kinshasa
90%
Le Caire
90%
Nairobi
87%
Rabat
87%
Djibouti
82%
Pretoria
82%
Bamako
79%
Brazzaville
79%
Tripoli
79%
Yaoundé
79%
Dakar
77%
Ouagadougou
74%
Addis Abeba
72%
Libreville
72%
Mbabane
72%
Sao Tomé
72%
Victoria
72%
Accra
69%
Antananarivo
69%
Conakry
69%
Yamoussoukro
69%
Abuja
67%
Bangui
67%
Bissau
67%
Harare
67%
Lomé
67%
Niamey
67%
Nouakchott
67%
Praia
67%
Kampala
64%
Luanda
64%
Port Louis
64%
Banjul
62%
Freetown
62%
Mogadiscio
62%
Ndjamena
62%
Windhoek
62%
Asmara
59%
Dodoma
59%
Gaborone
59%
Khartoum
59%
Lusaka
59%
Maputo
59%
Monrovia
59%
Moroni
59%
Djouba
56%
Gitega
56%
Lilongwe
56%
Malabo
56%
Maseru
56%
Porto Novo
56%
Kigali
54%
Aucun quiz correspondant
Distribution des résultats
% des personnes avec chaque résultat
Percentile par nombre de réponses
Votre historique - résultats
Vous n’avez pas pris ce quiz